| 000 | 01269cam a22002891i 4500 | ||
|---|---|---|---|
| 003 | SA-RiAUC | ||
| 005 | 20250926163302.0 | ||
| 008 | 250921s2014 le g 000 0 ara c | ||
| 020 | _a9786140211001 | ||
| 040 |
_aSA-RiAUC _bara _cSA-RiAUC _erda |
||
| 082 | 0 | 4 |
_a816.63 _qSA-RiAUC |
| 090 |
_a816.63 _bل ب ن |
||
| 100 | 1 |
_aاللبني، جعفر بن ابي بكر، _eمؤلف. |
|
| 245 | 1 | 2 |
_aالحديث شجون : _bشرح الرسالة الجدية لابن زيدون / _cسعيد بن مسفر المالكي. |
| 246 | 3 | 0 | _aشرح الرسالة الجدية لابن زيدون |
| 264 | 1 |
_aبيروت : _bمنشورات ضفاف، _c2014. |
|
| 300 |
_a408 صفحة ؛ _c24 × 17 سم |
||
| 336 |
_aنص _btxt _2rdacontent _3كتاب |
||
| 337 |
_aبدون وسيط _bn _2rdamedia |
||
| 338 |
_aمجلد _bnc _2rdacarrier |
||
| 650 | 7 |
_aالرسائل العربية _zالأندلس _xتاريخ ونقد _2aucsh |
|
| 700 | 1 | 2 |
_aابن زيدون، أحمد بن عبد الله بن أحمد، _d394-463 هجري. _tرسالة ابن زيدون. |
| 740 | 0 | 2 | _aرسالة ابن زيدون، المسماة، الرسالة الجدية. |
| 740 | 2 | 2 | _aالرسالة الجدية. |
| 942 |
_2ddc _cBOOK _n0 |
||
| 949 |
_aSA-JeALM _d250921 _umohamedma123 _n1 |
||
| 999 |
_c12119 _d12119 |
||